000
00292 a2200133 4500
001
64410
082
_a
658.802 KOT
090
_c
38038
_d
38038
100
_a
Kotler Philip
245
_a
Marketing Management
250
_a
Millenium Edition
260
_c
Prentice Hall
300
_a
849p
942
_a
NUST-CAE
_k
658.802 KOT
999
_c
299483
_d
299483